Truman, Congress, and Korea : the politics of America's first undeclared war /

Bibliographic Details
Main Author: Blomstedt, Larry (Author)
Format: Book
Language:English
Published: Lexington : University Press of Kentucky, [2016]
Series:Studies in conflict, diplomacy, and peace.
Subjects:

MARC

Tag First Indicator Second Indicator Subfields
LEADER 00000cam a2200000 i 4500
001 in00003606313
005 20170928110622.0
008 151102t20162016kyu b 001 0 eng
010 |a  2015034445 
020 |a 9780813166117  |q hardcover  |q alkaline paper 
020 |a 081316611X  |q hardcover  |q alkaline paper 
020 |z 9780813166124  |q electronic book 
020 |z 9780813166131  |q electronic publication 
035 |a (OCoLC)ocn908071880 
040 |a DLC  |e rda  |c DLC  |d UtOrBLW 
043 |a n-us--- 
049 |a TXAM 
050 0 0 |a E813  |b .B56 2016 
082 0 0 |a 973.918  |2 23 
100 1 |a Blomstedt, Larry,  |e author.  |0 http://id.loc.gov/authorities/names/n2015064440 
245 1 0 |a Truman, Congress, and Korea :  |b the politics of America's first undeclared war /  |c Larry Blomstedt. 
264 1 |a Lexington :  |b University Press of Kentucky,  |c [2016] 
264 4 |c ©2016 
300 |a xvi, 305 pages :  |b illustrations ;  |c 24 cm. 
336 |a text  |b txt  |2 rdacontent 
337 |a unmediated  |b n  |2 rdamedia 
338 |a volume  |b nc  |2 rdacarrier 
490 1 |a Studies in conflict, diplomacy, and peace 
504 |a Includes bibliographical references and index. 
505 0 |a Introduction: Truman versus Congress -- Into Korea -- The first war, July-October 1950 -- The second war, November 1950-July 1951 -- The forgotten attempts to end the forgotten war -- The third war, July 1951-December 1952 -- The fall of the Trumanites -- Conclusion. 
651 0 |a United States  |x Politics and government  |y 1945-1953.  |0 http://id.loc.gov/authorities/subjects/sh85140466 
650 0 |a Korean War, 1950-1953  |x Political aspects  |z United States. 
650 0 |a Politics and war  |z United States  |x History  |y 20th century. 
600 1 0 |a Truman, Harry S.,  |d 1884-1972.  |0 http://id.loc.gov/authorities/names/n79029742 
830 0 |a Studies in conflict, diplomacy, and peace.  |0 http://id.loc.gov/authorities/names/no2014031095 
945 |a PromptCat 
946 |a stk 
947 |a A14843370553 
948 |a cataloged  |b h  |c 2016/1/15  |d c  |e dmitchel  |f 12:00:00 pm 
994 |a 92  |b TXA 
999 f f |s ec6785be-5028-3f0d-b0bb-c472a87e049b  |i e8a0ef44-05e0-395d-880a-39962dcce2c1  |t 0 
952 f f |p normal  |a Texas A&M University  |b College Station  |c Sterling C. Evans Library  |d Evans: Library Stacks  |t 0  |e E813 .B56 2016  |h Library of Congress classification  |i unmediated -- volume  |m A14843370553 
998 f f |a E813 .B56 2016  |t 0  |l Evans: Library Stacks